Landscape SubStance : Landscape Architecture And Regional Planning. (Record no. 17123)

MARC details
000 -LEADER
fixed length control field 00458nam a2200169Ia 4500
008 - FIXED-LENGTH DATA ELEMENTS--GENERAL INFORMATION
fixed length control field 220803s9999 xx 000 0 und d
020 ## - INTERNATIONAL STANDARD BOOK NUMBER
International Standard Book Number 9781941806456
041 ## - LANGUAGE CODE
Language code of text/sound track or separate title eng
082 ## - DEWEY DECIMAL CLASSIFICATION NUMBER
Classification number 712
100 ## - MAIN ENTRY--PERSONAL NAME
Personal name Kaufer A.
9 (RLIN) 26870
245 ## - TITLE STATEMENT
Title Landscape SubStance : Landscape Architecture And Regional Planning.
260 ## - PUBLICATION, DISTRIBUTION, ETC. (IMPRINT)
Place of publication, distribution, etc. China
Name of publisher, distributor, etc. Goff G.
Date of publication, distribution, etc. 2014
300 ## - PHYSICAL DESCRIPTION
Extent 122p
500 ## - GENERAL NOTE
Keywords 35
650 ## - SUBJECT ADDED ENTRY--TOPICAL TERM
Topical term or geographic name as entry element Landscape Architecture
9 (RLIN) 26871
700 ## - ADDED ENTRY--PERSONAL NAME
Personal name Gruberg D Hoch C
9 (RLIN) 26872
Holdings
Withdrawn status Lost status Damaged status Not for loan Collection code Home library Current library Shelving location Date acquired Vendor Cost, normal purchase price Full call number Barcode Date last seen Cost, replacement price Bill Date Koha item type Original Barcode
        Book M arch LA Dr. Bhanuben Nanavati College of Architecture Dr. Bhanuben Nanavati College of Architecture   22/08/2019 Word Book Shop 1783.86 712 KAU BNCA-BK-11212 03/08/2022 1818.86 30/07/2019 Reference book B11212